00975 a2200229 4500001000700000020001800007040002200025041001600047082002400063100012800087245002000215250001300235260003200248300000800280362001300288490002100301500006400322697023100386942000700617952010200624999001900726134300 a85-262-2644-4 cLeonardo Da Vinci aPortuguês a372.23 M327ebM327e aMARSICO, Maria TeresaaCUNHA, Maria do Carmo Tavares daaANTUNES, Maria Elisabete MartinsaCARVALHO NETO, Armando Coelho de aEstudos sociais a7.ed v.1 bScipionec1997aSão Paulo a143 a19970000 aMarcha criança aIvan de Paula Coutinho (Ilustração)aLivro do Professor aEstudos SociaisaFamíliaaEscolaaNaturezaaOrientaçãoaEstações do AnoaTrânsitoaMeios de TransporteaMeios de ComunicaçãoaProfissãoaCalendário CívicoaDatas ComemorativasaEnsino Fundamental 1. Ciclo cBK 00104070a71.1b71.1d2024-03-27l0o372.23 M327epO002099r2024-03-27 22:33:43w2024-03-27yBK c134300d134300